000 00305nam a22001337a 4500
008 190129b xxu||||| |||| 00| 0 eng d
020 _a9780534356576
041 _aeng
080 _26th
_a316
100 _a50
101 _aSOC
245 _aThe Practice of Social Work
_cZastrow,Ch.H
942 _2udc
_cBK
999 _c53867
_d53867